Age of opportunity : (Record no. 9568)
[ view plain ]
| 000 -LEADER | |
|---|---|
| fixed length control field | 01264cam a22003378i 4500 |
| 001 - CONTROL NUMBER | |
| control field | 37721329 |
| 003 - CONTROL NUMBER IDENTIFIER | |
| control field | OCoLC |
| 005 - DATE AND TIME OF LATEST TRANSACTION | |
| control field | 20210118151505.0 |
| 008 - FIXED-LENGTH DATA ELEMENTS--GENERAL INFORMATION | |
| fixed length control field | 970924s1997 nju 000 0 eng |
| 010 ## - LIBRARY OF CONGRESS CONTROL NUMBER | |
| LC control number | 97038521 |
| 020 ## - INTERNATIONAL STANDARD BOOK NUMBER | |
| International Standard Book Number | 0875526012 (pbk.) |
| 040 ## - CATALOGING SOURCE | |
| Original cataloging agency | DLC |
| Language of cataloging | eng |
| Description conventions | rda |
| Transcribing agency | DLC |
| Modifying agency | WTS |
| 050 00 - LIBRARY OF CONGRESS CALL NUMBER | |
| Classification number | BV4529 |
| Item number | .T75 1997 |
| 082 00 - DEWEY DECIMAL CLASSIFICATION NUMBER | |
| Classification number | 248.8/45 |
| Edition number | 21 |
| 092 ## - LOCALLY ASSIGNED DEWEY CALL NUMBER (OCLC) | |
| Classification number | 248.845 |
| Item number | T73a |
| 100 1# - MAIN ENTRY--PERSONAL NAME | |
| Personal name | Tripp, Paul David, |
| Dates associated with a name | 1950- |
| Authority record control number or standard number | http://id.loc.gov/authorities/names/n97097305 |
| 245 10 - TITLE STATEMENT | |
| Title | Age of opportunity : |
| Remainder of title | a biblical guide to parenting teens / |
| Statement of responsibility, etc. | by Paul David Tripp. |
| 263 ## - PROJECTED PUBLICATION DATE | |
| Projected publication date | 9712. |
| 264 #1 - PRODUCTION, PUBLICATION, DISTRIBUTION, MANUFACTURE, AND COPYRIGHT NOTICE | |
| Place of production, publication, distribution, manufacture | Phillipsburg, NJ : |
| Name of producer, publisher, distributor, manufacturer | P & R Pub., |
| Date of production, publication, distribution, manufacture, or copyright notice | [1997] |
| 264 #4 - PRODUCTION, PUBLICATION, DISTRIBUTION, MANUFACTURE, AND COPYRIGHT NOTICE | |
| Date of production, publication, distribution, manufacture, or copyright notice | ©1997 |
| 300 ## - PHYSICAL DESCRIPTION | |
| Extent | 253 pages ; |
| Dimensions | 22 cm. |
| 336 ## - CONTENT TYPE | |
| Content type term | text |
| Content type code | txt |
| Source | rdacontent |
| 337 ## - MEDIA TYPE | |
| Media type term | unmediated |
| Media type code | n |
| Source | rdamedia |
| 338 ## - CARRIER TYPE | |
| Carrier type term | volume |
| Carrier type code | nc |
| Source | rdacarrier |
| 490 1# - SERIES STATEMENT | |
| Series statement | Resources for changing lives |
| 650 #0 - SUBJECT ADDED ENTRY--TOPICAL TERM | |
| Topical term or geographic name entry element | Parenting |
| General subdivision | Religious aspects |
| -- | Christianity. |
| Authority record control number or standard number | http://id.loc.gov/authorities/subjects/sh2008108902 |
| 650 #0 - SUBJECT ADDED ENTRY--TOPICAL TERM | |
| Topical term or geographic name entry element | Teenagers |
| General subdivision | Religious life. |
| Authority record control number or standard number | http://id.loc.gov/authorities/subjects/sh87006831 |
| 650 #0 - SUBJECT ADDED ENTRY--TOPICAL TERM | |
| Topical term or geographic name entry element | Parent and teenager. |
| Authority record control number or standard number | http://id.loc.gov/authorities/subjects/sh90006128 |
| 830 #0 - SERIES ADDED ENTRY--UNIFORM TITLE | |
| Uniform title | Resources for changing lives. |
| Authority record control number or standard number | http://id.loc.gov/authorities/names/n97040233 |
| 942 ## - ADDED ENTRY ELEMENTS (KOHA) | |
| Source of classification or shelving scheme | Dewey Decimal Classification |
| Koha item type | Books |
| Withdrawn status | Lost status | Source of classification or shelving scheme | Damaged status | Not for loan | Collection code | Home library | Current library | Shelving location | Date acquired | Total Checkouts | Full call number | Barcode | Date last seen | Price effective from | Koha item type |
|---|---|---|---|---|---|---|---|---|---|---|---|---|---|---|---|
| Dewey Decimal Classification | Non-fiction | Harvest Mission College | Harvest Mission College | General Stacks | 29.01.2021 | 248.845 T836A | 010899 | 29.01.2021 | 29.01.2021 | Books |
